000
00333nam a22001457a 4500
999
_c
12214
_d
12214
020
_a
978-93-325-7572-1
082
_a
530
100
_a
Randall D.Knight
245
_a
Physics for Scientists and Engineers
250
_a
3rd Edition
260
_a
New Delhi
_b
Pearson
_c
2017
300
_a
1434
650
_a
Physics
942
_c
BK